000
00318nam a22001337a 4500
082
_a
894.812.3
_b
PAR/D
100
_a
PARVANA (T. S. SHARIKA)
245
_a
DASAYANAM
246
_a
DASAYANAM
_b
DASAYANAM
260
_a
KALADY, KERALA
_b
BUDHASANGAMAM BOOKS
_c
2025
300
_a
456
650
_a
MALAYALAM NOVEL
942
_c
BK
999
_c
9169
_d
9169